Statistiken für Länder, die Schweiz am Nächsten Liegen

Klicken Sie hier um das Quiz zu spielen!

Allgemein

  • Dieses Quiz wurde 259 mal gespielt
  • Das Durchschnittsergebnis liegt bei 19 aus 20

Antwortstatistiken

kmLand% Korrekt
0Deutschland
100%
0Frankreich
100%
0Italien
100%
0Österreich
100%
0Liechtenstein
98%
468Spanien
98%
224Slowenien
97%
370Niederlande
96%
254Belgien
95%
227Luxemburg
95%
504Slowakei
95%
316Tschechien
95%
261Kroatien
94%
428Ungarn
93%
236Monaco
92%
539Polen
92%
310San Marino
92%
515Vatikanstadt
90%
515Andorra
87%
439Bosnien und
Herzegowina
86%

Verteilung der Resultate

Perzentil nach korrekt beantworteten Fragen

Anzahl Personen mit jedem Resultat

Ihre Resultats-Entwicklung

Sie haben dieses Quiz noch nicht gespielt